| 000 | 00716nam a2200241 a 4500 | ||
|---|---|---|---|
| 001 | BRCA_5966 | ||
| 005 | 20190320205259.0 | ||
| 008 | 250311c1961----gw-#######---#000-0#ger-# | ||
| 041 | _ager | ||
| 044 | _agw | ||
| 050 | 4 |
_aN40 _b.D37 1961 |
|
| 100 | 1 |
_aDarmstaedter, Robert _913239 |
|
| 245 | 1 | 0 |
_aKunstlerlexikon _bMalek, Bildhauer, Architekten _cRobert Darmstaedter. |
| 260 |
_aMúnich _bFrancke _c1961 |
||
| 300 |
_a527 p. _c25 cm. |
||
| 500 | _aDiccionario inventariado por Banco de México como libro | ||
| 500 | _aG88 | ||
| 504 | _aBibliografía: p. 9-11 | ||
| 650 | 1 | 4 |
_aArtistas _vDiccionarios _zAlemania _915069 |
| 650 | 1 | 4 |
_aArquitectos _vDiccionarios _zAlemania _915070 |
| 902 | _aGFM | ||
| 942 |
_2lcc _cB |
||
| 999 |
_c5655 _d5655 |
||